000 00541nam a22001577a 4500
003 OSt
005 20151104091708.0
008 151104b xxu||||| |||| 00| 0 eng d
040 _cRUA
082 _aFOR សួស 1995 B121 Or.1
100 _93310
_aសួស សុផាន់និត
245 _aសិក្សាអំពីឡដឺលប្រើប្រាស់អុស នៅព្រះរាជាណាចក្រកម្ពុជា
260 _aPhnom Penh
_bRUA
_c1995
300 _a70p.
_bill.
_c29cm.
942 _2ddc
_cFOR
999 _c3088
_d3088